[Event "7. LGA Premium Cup"]
[Site "Nürnberg"]
[Date "2010.09.03"]
[Round "2.73"]
[White "Millikan, Erlend"]
[Black "Zikeli, Saskia"]
[Result "0-1"]
[WhiteElo "1754"]
[BlackElo "2050"]
[PlyCount "60"]
[EventDate "2010.??.??"]
[WhiteTeam "USA"]
[BlackTeam "SC Ingersheim e.V."]
[WhiteTeamCountry "USA"]

1. d4 Nf6 2. Nf3 g6 3. Bg5 Ne4 4. Bh4 Bg7 5. Nbd2 d5 6. e3 Bf5 7. c4 c6 8. Qb3
Qd7 9. Rc1 O-O 10. Nxe4 dxe4 11. Nd2 Na6 12. f3 e5 13. fxe4 exd4 14. exf5 Nc5
15. Qa3 Rfe8 16. Qxc5 Bf8 17. Qa5 b6 18. Qa4 dxe3 19. Nf3 e2 20. Qc2 Bb4+ 21.
Kf2 e1=Q+ 22. Nxe1 Qd4+ 23. Kg3 Bxe1+ 24. Rxe1 Rxe1 25. Kh3 Qe3+ 26. Bg3 Qh6+
27. Bh4 g5 28. Qf2 Re3+ 29. Kg4 Re4+ 30. Kf3 Rf4+ 0-1

[Event "7. LGA Premium Cup"]
[Site "Nürnberg"]
[Date "2010.09.03"]
[Round "2.74"]
[White "Henrichs, Wenke"]
[Black "Matuschek, Thomas"]
[Result "0-1"]
[WhiteElo "2061"]
[BlackElo "1763"]
[PlyCount "104"]
[EventDate "2010.??.??"]
[WhiteTeam "Schachverein Wattenscheid 1930"]
[BlackTeam "SG Siemens Amberg"]

1. d4 Nf6 2. c4 e6 3. Nc3 d5 4. cxd5 Nxd5 5. e4 Nxc3 6. bxc3 c5 7. Nf3 cxd4 8.
cxd4 Bb4+ 9. Bd2 Qa5 10. Bd3 Nc6 11. a3 Bxd2+ 12. Qxd2 Qxd2+ 13. Kxd2 O-O 14.
Rhc1 Bd7 15. Rab1 Na5 16. Ne5 Ba4 17. Ke3 Rfc8 18. f4 Nb3 19. Rc4 b5 20. Rxc8+
Rxc8 21. Bxb5 Rc3+ 22. Bd3 f6 23. Nf3 Bb5 24. Ne1 a6 25. Rd1 Kf8 26. d5 exd5
27. exd5 Ke7 28. Ke4 Bxd3+ 29. Nxd3 Kd6 30. g4 g6 31. f5 g5 32. a4 Rc4+ 33. Kf3
Rxa4 34. Re1 Nd4+ 35. Kg2 Kxd5 36. Re8 Ra2+ 37. Kh3 Ra3 38. Re3 Rb3 39. Rg3 a5
40. Kg2 a4 41. Kf2 a3 42. Nc1 Rxg3 43. hxg3 Kc4 44. Ke3 Nc2+ 45. Ke4 Nb4 46.
Ke3 a2 47. Nxa2 Nxa2 48. Ke4 Nb4 49. Ke3 Kd5 50. Kf3 Kd4 51. Kf2 Ke4 52. Ke2
Nd3 0-1

[Event "7. LGA Premium Cup"]
[Site "Nürnberg"]
[Date "2010.09.03"]
[Round "2.75"]
[White "Heinz, Friedrich"]
[Black "Seidel, Michael"]
[Result "1-0"]
[WhiteElo "1768"]
[BlackElo "2058"]
[PlyCount "153"]
[EventDate "2010.??.??"]
[WhiteTeam "SV Alsfeld"]
[BlackTeam "PTSV SK Hof 1892"]

1. e4 d6 2. d4 Nf6 3. Nc3 g6 4. Bg5 Bg7 5. Nf3 c6 6. Qd2 b5 7. a3 h6 8. Bh4 a6
9. h3 Qc7 10. Bg3 O-O 11. Bf4 Kh7 12. g4 Ng8 13. Bd3 e5 14. Be3 Nd7 15. d5 c5
16. h4 c4 17. Be2 Rb8 18. Na2 Nc5 19. Ng5+ Kh8 20. f3 f5 21. gxf5 gxf5 22. Nb4
Nf6 23. Nc6 Ra8 24. Bxc5 dxc5 25. Qe3 Qd6 26. O-O-O Nh5 27. Nh3 Ng3 28. Rh2 a5
29. Kb1 Bd7 30. exf5 Nxf5 31. Qe4 Ng3 32. Qe3 Bxc6 33. dxc6 Qxc6 34. Rg2 Nxe2
35. Qxe2 Qxf3 36. Ng1 Qxe2 37. Nxe2 Rad8 38. Rdg1 Rf7 39. Ng3 Rdf8 40. Nh5 Rf1+
41. Ka2 Rxg1 42. Rxg1 Rf7 43. Rg6 Kh7 44. Re6 Bh8 45. Ng3 Rf4 46. Re7+ Kg6 47.
h5+ Kg5 48. Rc7 b4 49. Rxc5 Kg4 50. Ne2 Re4 51. Nc1 Bf6 52. b3 Bg5 53. axb4
Bxc1 54. bxa5 cxb3+ 55. Kxb3 Kxh5 56. a6 Rg4 57. Rxe5+ Kh4 58. c4 Rg7 59. Kb4
Bf4 60. Re4 Kg4 61. c5 h5 62. Kb5 h4 63. Kb6 Kf3 64. Rb4 Bb8 65. Rxh4 Ba7+ 66.
Kb5 Rg5 67. Rc4 Ke3 68. Kb4 Rg8 69. Kc3 Rc8 70. c6 Rc7 71. Kb4 Kd3 72. Rc1 Ke3
73. Rc3+ {ab hier Notation beider (!) Spieler absolut unleserlich!! Korrektur
erwünscht!} Kd4 74. Rg3 Rxc6 75. Kb5 Rb6+ 76. Ka5 Rb8 77. Rg7 1-0

[Event "7. LGA Premium Cup"]
[Site "Nürnberg"]
[Date "2010.09.03"]
[Round "2.76"]
[White "Schulz, Anja"]
[Black "Walch, Roger"]
[Result "1-0"]
[WhiteElo "2052"]
[BlackElo "1734"]
[PlyCount "25"]
[EventDate "2010.??.??"]
[WhiteTeam "Muldental Wilkau-Haßlau"]
[BlackTeam "SW Nürnberg Süd e.V."]

1. e4 e6 2. d4 d5 3. Nc3 Nf6 4. e5 Nfd7 5. Nf3 c5 6. dxc5 Bxc5 7. Bf4 O-O 8.
Bd3 Nc6 9. Bxh7+ Kh8 10. Bd3 f6 11. Nh4 Kg8 12. Qh5 Re8 13. Qh7+ 1-0

[Event "7. LGA Premium Cup"]
[Site "Nürnberg"]
[Date "2010.09.03"]
[Round "2.77"]
[White "Rösch, Mario"]
[Black "Lange, Carsten"]
[Result "0-1"]
[WhiteElo "1775"]
[BlackElo "2062"]
[PlyCount "76"]
[EventDate "2010.??.??"]
[WhiteTeam "SK Freiburg Zähringen 1887 e.V."]
[BlackTeam "SK Zirndorf e.V."]

1. e4 c5 2. Nf3 e6 3. d3 Nc6 4. g3 d6 5. Bg2 Nf6 6. O-O Be7 7. Nc3 O-O 8. Re1
Qc7 9. Bf4 Ne5 10. a4 Bd7 11. Bxe5 dxe5 12. Nd2 b6 13. Nc4 Bc6 14. Rf1 a6 15.
f4 Nd7 16. Qe2 b5 17. Nd2 Nb6 18. a5 Nd7 19. Nd1 Bd6 20. f5 exf5 21. exf5 Nf6
22. Ne4 Nxe4 23. Bxe4 c4 24. f6 g6 25. Qd2 Rfe8 26. Qg2 Rac8 27. Nc3 Bc5+ 28.
Kh1 cxd3 29. cxd3 Qb7 30. Bxc6 Qxc6 31. Qxc6 Rxc6 32. Rfc1 Be3 33. Re1 Bd4 34.
Rac1 Rec8 35. Rcd1 Kf8 36. Nd5 Rc2 37. Nb4 Rxb2 38. Nxa6 Rcc2 0-1

[Event "7. LGA Premium Cup"]
[Site "Nürnberg"]
[Date "2010.09.03"]
[Round "3.1"]
[White "Eisenbeiser, Amadeus"]
[Black "Bluvshtein, Mark"]
[Result "0-1"]
[WhiteElo "2397"]
[BlackElo "2583"]
[PlyCount "54"]
[EventDate "2010.??.??"]
[WhiteTeam "BG Buchen"]
[BlackTeam "Canada"]
[BlackTeamCountry "CAN"]

1. e4 d6 2. d4 Nf6 3. Nc3 g6 4. Nf3 Bg7 5. h3 O-O 6. Be2 c6 7. a4 a5 8. O-O Na6
9. Be3 Nb4 10. Qd2 Qc7 11. Rfd1 {(=)} b6 12. Ne1 Bb7 13. g4 Rad8 14. g5 Nd7 15.
Bf3 e5 16. d5 Nc5 17. Bg2 Rfe8 18. dxc6 Bxc6 19. Nd5 Bxd5 20. exd5 e4 21. Rab1
Re5 22. c3 Nxd5 23. Qxd5 Rxd5 24. Rxd5 Qc6 25. Rbd1 Qxa4 26. Rxd6 Qxd1 27. Rxd1
Rxd1 0-1

[Event "7. LGA Premium Cup"]
[Site "Nürnberg"]
[Date "2010.09.03"]
[Round "3.2"]
[White "Ftacnik, Lubomir"]
[Black "Espig, Lutz"]
[Result "1-0"]
[WhiteElo "2568"]
[BlackElo "2365"]
[PlyCount "49"]
[EventDate "2010.??.??"]
[WhiteTeam "Hamburger SK von 1830 eV"]
[BlackTeam "Schachklub König Plauen"]

1. Nf3 c5 2. c4 Nf6 3. Nc3 Nc6 4. d4 cxd4 5. Nxd4 g6 6. e4 Bg7 7. Nc2 d6 8. Be2
Nd7 9. Bd2 O-O 10. O-O Nc5 11. b4 Bxc3 12. Bxc3 Nxe4 13. Bb2 f5 14. Qe1 Bd7 15.
Rd1 Qc8 16. f3 Nf6 17. Qc3 b6 18. Rfe1 Be6 19. f4 Nd8 20. Bf3 Rb8 21. Nd4 Kf7
22. Nxe6 Nxe6 23. Bd5 Ne4 24. Bxe4 fxe4 25. Qh3 1-0

[Event "7. LGA Premium Cup"]
[Site "Nürnberg"]
[Date "2010.09.03"]
[Round "3.3"]
[White "Donchenko, Anatoly"]
[Black "Buhmann, Rainer"]
[Result "1/2-1/2"]
[WhiteElo "2363"]
[BlackElo "2563"]
[PlyCount "61"]
[EventDate "2010.??.??"]
[WhiteTeam "SK 1858 Gießen"]
[BlackTeam "SV Hockenheim"]

1. Nf3 d5 2. d4 Nf6 3. c4 e6 4. e3 a6 5. a3 c5 6. dxc5 Bxc5 7. b4 Be7 8. Bb2
O-O 9. Nbd2 Nc6 10. Be2 dxc4 11. Nxc4 {(=)} b5 12. Ncd2 Bb7 13. O-O Qb8 14. h3
Rd8 15. Qb1 Nd7 16. Rd1 Nb6 17. Ra2 Rd7 18. Ba1 Qd8 19. Rc2 Rc8 20. Rcc1 h6 21.
Nb3 Na4 22. Rxd7 Qxd7 23. Ne1 Bd6 24. Nd3 Ne7 25. Ndc5 Nxc5 26. Nxc5 Bxc5 27.
bxc5 Qc6 28. Bf3 Qc7 29. Be2 Qc6 30. Bf3 Qc7 31. Be2 1/2-1/2

[Event "7. LGA Premium Cup"]
[Site "Nürnberg"]
[Date "2010.09.03"]
[Round "3.4"]
[White "Milov, Leonid"]
[Black "Köpke, Christian"]
[Result "0-1"]
[WhiteElo "2561"]
[BlackElo "2358"]
[PlyCount "126"]
[EventDate "2010.??.??"]
[WhiteTeam "SC Noris-Tarrasch Nürnberg 1873"]
[BlackTeam "SC Tarrasch 45 München"]

1. e4 c5 2. Nf3 d6 3. d4 cxd4 4. Nxd4 Nf6 5. Nc3 g6 6. Be3 Bg7 7. f3 O-O 8. Qd2
Nc6 9. O-O-O d5 10. Kb1 Nxd4 11. e5 Nf5 12. exf6 exf6 13. Nxd5 Nxe3 14. Qxe3
Be6 15. Bc4 f5 16. c3 Re8 17. Qf4 Rc8 18. Bb3 Qa5 19. Qh4 Qd8 20. Qf4 Qa5 21.
Rhe1 Qc5 22. Qh4 b5 23. Nf6+ Bxf6 24. Qxf6 Bxb3 25. Rxe8+ Rxe8 26. axb3 Qf2 27.
Rd8 Rxd8 28. Qxd8+ Kg7 29. h4 Qxg2 30. Qd4+ Kg8 31. Qd8+ Kg7 32. Qd4+ Kg8 33.
Qf4 h6 34. Ka2 Qe2 35. c4 bxc4 36. bxc4 Qe6 37. b3 Qa6+ 38. Kb2 Qf6+ 39. Kc2 g5
40. hxg5 hxg5 41. Qb8+ Kg7 42. Qxa7 g4 43. Qg1 Qg6 44. f4 Qh6 45. Qd4+ Kh7 46.
c5 g3 47. Qd5 Qxf4 48. Qxf7+ Kh6 49. Qf6+ Kh5 50. c6 Qf2+ 51. Kd3 Qf1+ 52. Kd2
Qf2+ 53. Kd3 g2 54. Qf7+ Kg4 55. Qg6+ Kf4 56. c7 g1=Q 57. Qd6+ Kf3 58. Qd5+ Kf4
59. Qd6+ Kf3 60. Qd5+ Kg3 61. Qe5+ Kg2 62. Qg7+ Kf3 63. Qxg1 Qxg1 0-1

[Event "7. LGA Premium Cup"]
[Site "Nürnberg"]
[Date "2010.09.03"]
[Round "3.5"]
[White "Troyke, Christian"]
[Black "Bischoff, Klaus"]
[Result "1/2-1/2"]
[WhiteElo "2359"]
[BlackElo "2553"]
[PlyCount "45"]
[EventDate "2010.??.??"]
[WhiteTeam "Erfurter Schachklub"]
[BlackTeam "Sportfreunde Katernberg 1913 e.V"]

1. g3 e5 2. c4 Nf6 3. Bg2 d5 4. cxd5 Nxd5 5. Nc3 Nb6 6. Nf3 Nc6 7. O-O Be7 8.
a4 a5 9. d3 Be6 10. Be3 Nd5 11. Nxd5 Bxd5 12. Rc1 O-O 13. Bc5 Re8 14. Bxe7 Rxe7
15. Re1 Nb4 16. Nd2 Bxg2 17. Kxg2 Ra6 18. Rc5 b6 19. Rc4 Ra7 20. Qb3 c5 21. Re4
Kh8 22. Nc4 f6 23. Rf1 1/2-1/2

[Event "7. LGA Premium Cup"]
[Site "Nürnberg"]
[Date "2010.09.03"]
[Round "3.6"]
[White "Baramidze, David"]
[Black "Levushkina, Elena"]
[Result "1-0"]
[WhiteElo "2542"]
[BlackElo "2346"]
[PlyCount "81"]
[EventDate "2010.??.??"]
[WhiteTeam "Hamburger SK von 1830 eV"]
[BlackTeam "SC Tarrasch 45 München"]

1. Nf3 d5 2. c4 d4 3. e3 Nc6 4. d3 e5 5. exd4 exd4 6. Be2 Nf6 7. O-O Be7 8. Na3
O-O 9. Nc2 a5 10. b3 h6 11. a3 Bc5 12. Rb1 Re8 13. Re1 Ne5 14. b4 Ba7 15. bxa5
c6 16. a6 bxa6 17. Nxe5 Rxe5 18. Bf4 Re8 19. Bf3 Bd7 20. Rxe8+ Qxe8 21. Qe1
Qxe1+ 22. Rxe1 Bc5 23. h3 Rc8 24. Be5 Re8 25. Re2 Rd8 26. Kh2 Bf5 27. Rd2 Bd7
28. Nxd4 Bxa3 29. Nxc6 Rc8 30. Ra2 Bxc6 31. Bxc6 Rxc6 32. Rxa3 Nd7 33. Ba1 f6
34. Kg3 Kf7 35. Kf3 Nf8 36. Bd4 Ne6 37. Be3 Ke7 38. Rb3 Kd7 39. Ke4 a5 40. Rb7+
Kc8 41. Ra7 1-0

[Event "7. LGA Premium Cup"]
[Site "Nürnberg"]
[Date "2010.09.03"]
[Round "3.7"]
[White "Braun, Arik"]
[Black "Kersten, Uwe"]
[Result "1-0"]
[WhiteElo "2538"]
[BlackElo "2325"]
[PlyCount "59"]
[EventDate "2010.??.??"]
[WhiteTeam "SC Eppingen"]
[BlackTeam "Kasseler SK 1876"]

1. d4 e6 2. c4 f5 3. Nf3 Nf6 4. g3 d5 5. Bg2 c6 6. O-O Bd6 7. Bf4 Bxf4 8. gxf4
O-O 9. e3 Nbd7 10. Nbd2 Ne4 11. Nxe4 fxe4 12. Nd2 Nf6 13. f3 exf3 14. Nxf3 Bd7
15. Qb3 Qb6 16. Qa3 Be8 17. Bh3 Bf7 18. Ne5 Qd8 19. Rac1 Ne4 20. Rc2 Nd6 21.
cxd5 exd5 22. Nd7 Nc4 23. Qxf8+ Qxf8 24. Nxf8 Nxe3 25. Re2 Nxf1 26. Ne6 Bh5 27.
Re5 Nd2 28. Rxh5 g6 29. Rh6 Re8 30. f5 1-0

[Event "7. LGA Premium Cup"]
[Site "Nürnberg"]
[Date "2010.09.03"]
[Round "3.9"]
[White "Zwahr, Paul"]
[Black "Ginsburg, Gennadi"]
[Result "0-1"]
[WhiteElo "2348"]
[BlackElo "2526"]
[PlyCount "145"]
[EventDate "2010.??.??"]
[WhiteTeam "SG Grün-Weiß Dresden"]
[BlackTeam "SV 1920 Hofheim"]

1. e4 c5 2. Nf3 e6 3. d4 cxd4 4. Nxd4 a6 5. Bd3 Bc5 6. Nb3 Ba7 7. Qg4 Nf6 8.
Qg3 d6 9. Nc3 Nc6 10. Bg5 b5 11. O-O-O b4 12. Ne2 Bb7 13. Be3 Bxe3+ 14. Qxe3
O-O 15. Rhe1 Qc7 16. Kb1 Rac8 17. Ned4 Ne5 18. f4 Nc4 19. Bxc4 Qxc4 20. Na5 Qc7
21. Nxb7 Qxb7 22. Nb3 d5 23. e5 Ne4 24. Nd2 Qc6 25. Rc1 Nxd2+ 26. Qxd2 Qb5 27.
Qf2 a5 28. f5 exf5 29. Qxf5 a4 30. Re3 a3 31. b3 Rc6 32. Qd7 Qb6 33. Rd3 Rd8
34. Qf5 Qc5 35. Rf3 Qe7 36. Rcf1 f6 37. Re3 g6 38. Qf4 d4 39. Re2 f5 40. Rd1
Qc5 41. Rd3 Re6 42. Kc1 Rd5 43. Kd1 Kg7 44. g4 Rdxe5 45. Rxe5 Rxe5 46. gxf5 Qd5
47. f6+ Kf7 48. Rf3 Rf5 49. Qc7+ Kxf6 50. Qb6+ Kg5 51. Rxf5+ gxf5 52. Qxb4 Qf3+
53. Kd2 Qe3+ 54. Kd1 f4 55. Qb5+ Kg4 56. Qf1 f3 57. b4 Qc3 58. Qg1+ Kf5 59. Qg3
Qa1+ 60. Kd2 Qc3+ 61. Kd1 Qa1+ 62. Kd2 Qf1 63. Qh4 Qe2+ 64. Kc1 Qe3+ 65. Kd1
Qg1+ 66. Kd2 Qg2+ 67. Kd1 Qg1+ 68. Kd2 Qe3+ 69. Kd1 f2 70. Qh5+ Kf6 71. Qh4+
Ke6 72. Qg4+ Kd6 73. Qe2 0-1

[Event "7. LGA Premium Cup"]
[Site "Nürnberg"]
[Date "2010.09.03"]
[Round "3.10"]
[White "Prusikin, Michael"]
[Black "Schramm, Christian"]
[Result "1/2-1/2"]
[WhiteElo "2522"]
[BlackElo "2322"]
[PlyCount "50"]
[EventDate "2010.??.??"]
[WhiteTeam "SC Forchheim e.V."]
[BlackTeam "SC 1959 Obernau"]

1. d4 g6 2. e4 Bg7 3. Nf3 d6 4. Bc4 Nf6 5. Qe2 Nc6 6. e5 Nd7 7. Bf4 Nb6 8. Bb3
O-O 9. h3 dxe5 10. Bxe5 Nxe5 11. dxe5 Bf5 12. O-O Qc8 13. Nc3 c5 14. Nd5 Nxd5
15. Bxd5 Rb8 16. a4 Bd7 17. Nd2 Rd8 18. Bc4 e6 19. f4 Bc6 20. Bb5 Bf8 21. Rfd1
Bd5 22. Bc4 Bc6 23. Bb5 Bd5 24. Bc4 Bc6 25. Bb5 Bd5 1/2-1/2

[Event "7. LGA Premium Cup"]
[Site "Nürnberg"]
[Date "2010.09.03"]
[Round "3.11"]
[White "Heinzel, Olaf"]
[Black "Hoffmann, Michael"]
[Result "1/2-1/2"]
[WhiteElo "2324"]
[BlackElo "2510"]
[PlyCount "38"]
[EventDate "2010.??.??"]
[WhiteTeam "Schachclub Hansa Dortmund e.V."]
[BlackTeam "Schachgesellschaft Solingen e.V."]

1. Nf3 g6 2. g3 Bg7 3. Bg2 c5 4. c4 Nc6 5. O-O Nh6 6. Nc3 Nf5 7. d3 O-O 8. e4
Nfd4 9. Nxd4 Nxd4 10. Be3 Rb8 11. Rb1 d6 12. Ne2 b5 13. cxb5 Nxe2+ 14. Qxe2 Qa5
15. Qd2 Rxb5 16. Qxa5 Rxa5 17. a3 Ba6 18. Rfd1 h5 19. b4 Rxa3 1/2-1/2

[Event "7. LGA Premium Cup"]
[Site "Nürnberg"]
[Date "2010.09.03"]
[Round "3.12"]
[White "Jahnel, Günther"]
[Black "Boguslavskyy, Oleg"]
[Result "0-1"]
[WhiteElo "2320"]
[BlackElo "2485"]
[PlyCount "78"]
[EventDate "2010.??.??"]
[WhiteTeam "SC Hoyerswerda"]
[BlackTeam "SV Hockenheim"]

1. d4 d5 2. c4 c6 3. Nf3 Nf6 4. e3 Bg4 5. Nc3 e6 6. h3 Bxf3 7. Qxf3 Nbd7 8.
cxd5 exd5 9. Bd3 Bb4 10. O-O O-O 11. e4 Bxc3 12. bxc3 dxe4 13. Bxe4 Nxe4 14.
Qxe4 Re8 15. Qf3 Nb6 16. Qg3 Re6 17. Rb1 Qd5 18. Rb3 Rae8 19. Ra3 Rg6 20. Qh2
Nc8 21. Be3 a6 22. c4 Qxc4 23. Ra5 Nd6 24. Rc5 Qxa2 25. h4 Ne4 26. h5 Rge6 27.
Rf5 Nd6 28. Rg5 h6 29. Rg4 Nf5 30. Qf4 Qd5 31. Rb1 Re4 32. Qf3 Rxg4 33. Qxg4
Nxe3 34. fxe3 b5 35. Ra1 Rxe3 36. Rxa6 Re4 37. Qc8+ Kh7 38. Qxc6 Qxd4+ 39. Kf1
Qd1+ 0-1

[Event "7. LGA Premium Cup"]
[Site "Nürnberg"]
[Date "2010.09.03"]
[Round "3.13"]
[White "Zaragatski, Ilja"]
[Black "Heidrich, Manfred"]
[Result "1-0"]
[WhiteElo "2490"]
[BlackElo "2316"]
[PlyCount "43"]
[EventDate "2010.??.??"]
[WhiteTeam "Sportfreunde Katernberg 1913 e.V"]
[BlackTeam "SC Forchheim e.V."]

1. Nf3 f5 2. d3 d6 3. e4 e5 4. Nc3 Nc6 5. exf5 Bxf5 6. d4 Nxd4 7. Nxd4 exd4 8.
Qxd4 c6 9. Bf4 Qf6 10. Qd2 Bxc2 11. g3 Bf5 12. O-O-O Be7 13. Bg2 O-O-O 14. Rhe1
Qf7 15. Qd4 a6 16. Qa7 Qc4 17. Be3 d5 18. Bb6 Bg5+ 19. f4 Bxf4+ 20. gxf4 Qxf4+
21. Rd2 Rf8 22. Bd4 1-0

[Event "7. LGA Premium Cup"]
[Site "Nürnberg"]
[Date "2010.09.03"]
[Round "3.14"]
[White "Rotstein, Jefim"]
[Black "Mainka, Romuald"]
[Result "1/2-1/2"]
[WhiteElo "2310"]
[BlackElo "2483"]
[PlyCount "127"]
[EventDate "2010.??.??"]
[WhiteTeam "Ford-Schachfreunde Köln e.V."]
[BlackTeam "Schachclub Hansa Dortmund e.V."]

1. d4 Nf6 2. Nf3 e6 3. e3 c5 4. Bd3 Qc7 5. O-O b6 6. b3 Be7 7. Bb2 Nc6 8. c4
Bb7 9. Nc3 Nb4 10. Be2 cxd4 11. exd4 O-O 12. a3 Na6 13. d5 exd5 14. cxd5 Nc5
15. Nb5 Qb8 16. d6 Bd8 17. Rc1 a6 18. Nc7 Ra7 19. Nd4 Be4 20. b4 Ne6 21. Ndxe6
fxe6 22. f3 Bb7 23. Bd4 Nd5 24. Qc2 Bf6 25. Rfd1 Qd8 26. Bc4 Bxd4+ 27. Rxd4 Ne3
28. Qd2 Nf5 29. Rg4 Qf6 30. Re1 Kh8 31. Nxe6 dxe6 32. Rxe6 Qd8 33. d7 Ba8 34.
Qg5 Rxd7 35. Qxd8 Rdxd8 36. Bxa6 Rd1+ 37. Kf2 Ra1 38. Bd3 Ra2+ 39. Kg1 Rd8 40.
h4 Nh6 41. Rf4 Rxa3 42. Bc4 Ng8 43. Rxb6 Nf6 44. Rd4 Rc8 45. Be6 Re8 46. Rbd6
Re3 47. Bf7 R8e7 48. Rd8+ Ne8 49. Rf4 g5 50. hxg5 Bc6 51. g6 hxg6 52. Bxg6 Kg7
53. Bxe8 Bxe8 54. Rd5 R7e5 55. Rxe5 Rxe5 56. Kf2 Bb5 57. g4 Rd5 58. Kg3 Rd3 59.
Rf5 Bc4 60. Kh4 Rb3 61. Kg5 Rxb4 62. f4 Rb5 63. Rxb5 Bxb5 64. f5 1/2-1/2

[Event "7. LGA Premium Cup"]
[Site "Nürnberg"]
[Date "2010.09.03"]
[Round "3.15"]
[White "Safyanowsky, Mark"]
[Black "Hirneise, Tobias"]
[Result "1/2-1/2"]
[WhiteElo "2301"]
[BlackElo "2436"]
[PlyCount "36"]
[EventDate "2010.??.??"]
[WhiteTeam "SC Dillingen"]
[BlackTeam "Schachverein Wattenscheid 1930"]

1. d4 d5 2. c4 c6 3. cxd5 cxd5 4. Bf4 Nc6 5. e3 Nf6 6. Bd3 a6 7. Nc3 Bg4 8.
Nge2 e6 9. O-O Bd6 10. f3 Bh5 11. Rc1 Bg6 12. Bxd6 Qxd6 13. Nf4 {(=)} Bxd3 14.
Nxd3 O-O 15. Na4 Nd7 16. Ndc5 Nxc5 17. Nxc5 b6 18. Nd3 Rfe8 1/2-1/2

[Event "7. LGA Premium Cup"]
[Site "Nürnberg"]
[Date "2010.09.03"]
[Round "3.16"]
[White "Farago, Ivan"]
[Black "Lauer, Moritz"]
[Result "1/2-1/2"]
[WhiteElo "2420"]
[BlackElo "2298"]
[PlyCount "50"]
[EventDate "2010.??.??"]
[WhiteTeam "SC Rottal"]
[BlackTeam "SV Puschendorf"]

1. d4 Nf6 2. c4 e6 3. Nf3 b6 4. a3 Ba6 5. Qc2 Bb7 6. Nc3 c5 7. e4 cxd4 8. Nxd4
Bc5 9. Nb3 Nc6 10. Bf4 O-O 11. Bd3 e5 12. Bg5 Nd4 13. Nxd4 Bxd4 14. O-O h6 15.
Bh4 Re8 16. Rad1 Bc6 17. Ne2 Bc5 18. Kh1 g5 19. Bg3 Nh5 20. f3 a5 21. Bf2 Qf6
22. Qd2 a4 23. Bc2 Nf4 24. Nxf4 gxf4 25. Qc3 Re6 1/2-1/2

[Event "7. LGA Premium Cup"]
[Site "Nürnberg"]
[Date "2010.09.03"]
[Round "3.17"]
[White "Schütze, Norman"]
[Black "Renner, Christoph"]
[Result "0-1"]
[WhiteElo "2181"]
[BlackElo "2420"]
[PlyCount "82"]
[EventDate "2010.??.??"]
[WhiteTeam "SG 1871 Löberitz"]
[BlackTeam "FC Bayern München e.V."]

1. e4 e5 2. Nf3 Nc6 3. Bc4 Bc5 4. c3 Nf6 5. d4 exd4 6. cxd4 Bb4+ 7. Nc3 Nxe4 8.
O-O Bxc3 9. d5 Bf6 10. Re1 O-O 11. Rxe4 Na5 12. Bd3 d6 13. Ra4 c5 14. Bd2 b6
15. Qc2 g6 16. h4 c4 17. Be4 Bd7 18. Ra3 Re8 19. Re1 Nb7 20. h5 Kg7 21. Qc1 Nc5
22. Bh6+ Kg8 23. Rae3 Rxe4 24. Rxe4 b5 25. Ng5 Nd3 26. Qd2 Nxe1 27. Rxe1 Bf5
28. Qf4 Be5 29. Qd2 Qf6 30. Nf3 c3 31. Qe2 cxb2 32. Qxb5 b1=R 33. Rxb1 Bxb1 34.
Qxb1 Bf4 35. Bxf4 Qxf4 36. hxg6 hxg6 37. Qb7 Qc1+ 38. Kh2 Qc8 39. Qe7 Qf8 40.
Qf6 Qd8 41. Qf4 Kg7 0-1

[Event "7. LGA Premium Cup"]
[Site "Nürnberg"]
[Date "2010.09.03"]
[Round "3.18"]
[White "Gutman, Lev"]
[Black "Göbel, Constantin"]
[Result "1-0"]
[WhiteElo "2419"]
[BlackElo "2114"]
[PlyCount "93"]
[EventDate "2010.??.??"]
[WhiteTeam "SC Melle 03"]
[BlackTeam "TSV Schott Mainz"]

1. Nf3 Nf6 2. g3 d5 3. Bg2 c6 4. O-O h6 5. c3 Bf5 6. Qb3 Qb6 7. d3 Nbd7 8. Be3
Qc7 9. c4 e5 10. d4 dxc4 11. Qxc4 Bd6 12. Nc3 O-O 13. Rac1 Rac8 14. Qb3 a6 15.
dxe5 Nxe5 16. Nxe5 Bxe5 17. Na4 Be6 18. Qc2 Nd5 19. Bc5 Bd6 20. e4 Nb4 21. Qd2
Bxc5 22. Nxc5 a5 23. a3 Na6 24. Nxa6 bxa6 25. Rc5 a4 26. Rfc1 Qb6 27. e5 Rfd8
28. Qe2 Rb8 29. R5c2 Qd4 30. Bxc6 Bb3 31. Rc3 Bd1 32. Qe4 Rxb2 33. Qxd4 Rxd4
34. Rc4 Rbd2 35. Be4 Bg4 36. Rxd4 Rxd4 37. f3 Bd7 38. Kf2 Be6 39. Ke3 Rd8 40.
Rc6 Bc8 41. Rb6 Kf8 42. Bd3 a5 43. Rb8 Ke7 44. Ra8 Bd7 45. Rxd8 Kxd8 46. Kd4
Kc7 47. Kc5 1-0

[Event "7. LGA Premium Cup"]
[Site "Nürnberg"]
[Date "2010.09.03"]
[Round "3.19"]
[White "Böhle, Lars"]
[Black "Bindrich, Falko"]
[Result "0-1"]
[WhiteElo "2222"]
[BlackElo "2507"]
[PlyCount "82"]
[EventDate "2010.??.??"]
[WhiteTeam "Schachgesellschaft Bochum 1931"]
[BlackTeam "SC Eppingen"]

1. Nf3 d5 2. c4 c6 3. e3 Nf6 4. d4 Bf5 5. Nc3 e6 6. Nh4 Bg6 7. Nxg6 hxg6 8. Bd2
Nbd7 9. g3 Be7 10. Qb3 Qc7 11. Be2 Nb6 12. cxd5 exd5 13. O-O-O Rd8 14. Kb1 Nbd7
15. f3 Qb6 16. Qxb6 Nxb6 17. a3 O-O 18. Bc1 c5 19. dxc5 Bxc5 20. b4 Bd6 21. e4
Be5 22. Nxd5 Nfxd5 23. exd5 Na4 24. Bd2 Rxd5 25. Be1 Rfd8 26. Rxd5 Rxd5 27. Kc2
b5 28. Bd2 a6 29. Rd1 Rd6 30. Be1 Re6 31. Bf1 Bb2 32. Rd8+ Kh7 33. Bd2 Bxa3 34.
f4 Rc6+ 35. Kb3 Bc1 36. Be1 Be3 37. Rd1 Bg1 38. h4 Bf2 39. Bxf2 Rc3+ 40. Ka2
Rc2+ 41. Kb3 Rxf2 0-1

[Event "7. LGA Premium Cup"]
[Site "Nürnberg"]
[Date "2010.09.03"]
[Round "3.20"]
[White "Bromberger, Stefan"]
[Black "Wagner, Florian"]
[Result "1-0"]
[WhiteElo "2530"]
[BlackElo "2306"]
[PlyCount "49"]
[EventDate "2010.??.??"]
[WhiteTeam "FC Bayern München e.V."]
[BlackTeam "SC Noris-Tarrasch Nürnberg 1873"]

1. e4 c5 2. Nf3 Nc6 3. Nc3 Nf6 4. d4 cxd4 5. Nxd4 e5 6. Ndb5 d6 7. Bg5 a6 8.
Na3 b5 9. Nd5 Qa5+ 10. Bd2 Qd8 11. Bg5 Be7 12. Bxf6 Bxf6 13. c3 Bg5 14. Nc2 O-O
15. a4 bxa4 16. Rxa4 a5 17. Bc4 Bd7 18. O-O Nd4 19. Ra3 Ne6 20. Qe2 Qb8 21.
Rfa1 Bc6 22. Nce3 Bd8 23. Nf5 Kh8 24. Rb3 Qa7 25. Nxd6 1-0

[Event "7. LGA Premium Cup"]
[Site "Nürnberg"]
[Date "2010.09.03"]
[Round "3.21"]
[White "Maiwald, Jens-Uwe"]
[Black "Siedentopf, Daniel"]
[Result "0-1"]
[WhiteElo "2483"]
[BlackElo "2240"]
[PlyCount "66"]
[EventDate "2010.??.??"]
[WhiteTeam "USV TU Dresden"]
[BlackTeam "SG Grün-Weiß Dresden"]

1. g3 f5 2. Bg2 Nf6 3. c4 g6 4. Nc3 Bg7 5. Nf3 O-O 6. O-O d6 7. Rb1 a5 8. a3 e5
9. d3 c6 10. b4 axb4 11. axb4 Na6 12. Qb3 Qe7 13. Na4 Kh8 14. Nb6 Rb8 15. Nxc8
Rfxc8 16. Qc2 e4 17. Ng5 d5 18. b5 cxb5 19. Rxb5 h6 20. Nh3 g5 21. Qb1 dxc4 22.
dxc4 Qe6 23. f3 Rxc4 24. Rxb7 Rxb7 25. Qxb7 exf3 26. Qxf3 g4 27. Qe3 Qxe3+ 28.
Bxe3 gxh3 29. Bxh3 Ng4 30. Bb6 Nc5 31. Rxf5 Rc1+ 32. Rf1 Bd4+ 33. Kh1 Nf2+ 0-1

[Event "7. LGA Premium Cup"]
[Site "Nürnberg"]
[Date "2010.09.03"]
[Round "3.22"]
[White "Schöneberg, Manfred"]
[Black "Rau, Hannes"]
[Result "1/2-1/2"]
[WhiteElo "2263"]
[BlackElo "2464"]
[PlyCount "68"]
[EventDate "2010.??.??"]
[WhiteTeam "SV Lok Leipzig-Mitte"]
[BlackTeam "SV Hockenheim"]

1. e4 c5 2. Nf3 Nc6 3. Bb5 d6 4. O-O Bd7 5. c3 a6 6. Bxc6 Bxc6 7. Re1 Nf6 8. e5
dxe5 9. Nxe5 Rc8 10. d4 cxd4 11. cxd4 e6 12. Nc3 Be7 13. Qb3 b5 14. Bg5 Bd5 15.
Nxd5 Qxd5 16. Bxf6 Qxb3 17. axb3 gxf6 18. Nf3 {(=)} Bb4 19. Red1 a5 20. d5 e5
21. Ne1 Kd7 22. Nd3 Ra8 23. f3 Rhc8 24. Kf1 Bd6 25. Rdc1 Rxc1+ 26. Rxc1 a4 27.
Nc5+ Ke7 28. bxa4 bxa4 29. Ne4 f5 30. Ng3 f4 31. Nf5+ Kd7 32. Rc6 Bf8 33. Rb6
Rc8 34. Ke2 Bc5 1/2-1/2

[Event "7. LGA Premium Cup"]
[Site "Nürnberg"]
[Date "2010.09.03"]
[Round "3.23"]
[White "Tischbierek, Raj"]
[Black "Stiller, Jürgen"]
[Result "1-0"]
[WhiteElo "2451"]
[BlackElo "2195"]
[PlyCount "37"]
[EventDate "2010.??.??"]
[WhiteTeam "FC Bayern München e.V."]
[BlackTeam "SW Nürnberg Süd e.V."]

1. g3 Nf6 2. Bg2 g6 3. e4 d6 4. d4 Bg7 5. Nc3 O-O 6. Nge2 e5 7. h3 Nc6 8. Be3
Re8 9. O-O Bd7 10. d5 Ne7 11. f4 exf4 12. Nxf4 c5 13. dxc6 Bxc6 14. Qd2 Qc7 15.
Rad1 Rad8 16. Qf2 Nc8 17. Bd4 Nxe4 18. Bxe4 Bxe4 19. Bxg7 1-0